logo

Bir Sreshtho Munshi Abdur Rouf Library
Jhenaidah Cadet College

উপন্যাসসমগ্র / (Record no. 547)

MARC details
000 -LEADER
fixed length control field 00759nam a2200229 a 4500
001 - CONTROL NUMBER
JCCL Control Number 547
003 - CONTROL NUMBER IDENTIFIER
JCCL marc code BD-JhCC
005 - DATE AND TIME OF LATEST TRANSACTION
control field 20171012175446.0
008 - FIXED-LENGTH DATA ELEMENTS--GENERAL INFORMATION
fixed length control field 171007s1996 bg |||| |||| 001 0 নডস d
020 ## - INTERNATIONAL STANDARD BOOK NUMBER
International Standard Book Number 9844460395
035 ## - SYSTEM CONTROL NUMBER
system control number (BD-JhCC) 547
040 ## - CATALOGING SOURCE
Original cataloging agency BD-JhCC
Modifying agency BD-JhCC
041 ## - LANGUAGE CODE
Language code of Book ben
082 ## - DEWEY DECIMAL CLASSIFICATION NUMBER
Classification number 891.443
Author mark and Year WAL 1996
100 ## - MAIN ENTRY--PERSONAL NAME
Personal name ওয়ালীউল্লাহ্, সৈয়দ
245 ## - TITLE STATEMENT
Title উপন্যাসসমগ্র /
Statement of responsibility, etc সৈয়দ ওয়ালীউল্লাহ্
260 ## - PUBLICATION, DISTRIBUTION, ETC. (IMPRINT)
Place of publication, distribution, etc ঢাকা;
Name of publisher, distributor, etc প্রতীক,
Date of publication, distribution, etc ১৯৯৬
300 ## - PHYSICAL DESCRIPTION
Pagination ২৬২ পৃ.;
Dimensions ২২ সে. মি.
650 ## - SUBJECT ADDED ENTRY--TOPICAL TERM
Topical term or geographic name as entry element Bengali Novel
General subdivision Collective of Novel
942 ## - ADDED ENTRY ELEMENTS (KOHA)
Source of classification or shelving scheme Dewey Decimal Classification
Koha item type Books
Holdings
Source of classification or shelving scheme Damaged status Not for loan Home library Current library Shelving location Date of accession Source of acquisition Cost, normal purchase price Total Checkouts Full call number Barcode Date last seen Date checked out Copy number Koha item type
Dewey Decimal Classification     JCC Rouf Library JCC Rouf Library General Stacks 10/07/2017 IPDC 270.00 1 891.443 WAL 1996 1322 04/22/2024 03/06/2024 C-1 Books

JCC Library | Contacts | JCC Home

Last Update on 23 September 2017
Copyright @ 2017-2020 JCC Rouf Library
Rouf Library, Jhenidah Cadet College (JCC), Bangladesh